000 00761nam a2200265Ia 4500
001 Para_3399
003 CHAP
008 220125s1999 xx 000 0 und d
010 _a201947
040 _cCHAP
082 _aPA-C 632.9 C6
100 _aWebster, R. L.
_9121313
245 _aSituación insecticida en el noroeste del Pacífico /
_c R. L. Webster
260 _a[s.l.] :
_b [s.n.]
300 _a3 p.
500 _aEncuadernado con: Nueva plaga del nopal/ Ricardo Coronado P.
650 _aAgricultura
_x Plagas Insecticidas
_x Toxicidad
_9166920
901 _aPA-C 632.9 C6
902 _aA
905 _a00000019-- [SL 0000000000 00
910 _a19--
942 _cPARA
942 _cPARA
_d1
999 _c201947
_d201947